<?xml version="1.0" encoding="UTF-8"?><?xml-stylesheet type="text/xsl" href="static/style.xsl"?><OAI-PMH xmlns="http://www.openarchives.org/OAI/2.0/" xmlns:xsi="http://www.w3.org/2001/XMLSchema-instance" xsi:schemaLocation="http://www.openarchives.org/OAI/2.0/ http://www.openarchives.org/OAI/2.0/OAI-PMH.xsd"><responseDate>2026-04-29T09:27:17Z</responseDate><request verb="GetRecord" identifier="oai:riubu.ubu.es:10259/10301" metadataPrefix="marc">https://riubu.ubu.es/oai/request</request><GetRecord><record><header><identifier>oai:riubu.ubu.es:10259/10301</identifier><datestamp>2025-03-12T01:05:30Z</datestamp><setSpec>com_10259_5822</setSpec><setSpec>com_10259_5086</setSpec><setSpec>com_10259_2604</setSpec><setSpec>col_10259_5823</setSpec></header><metadata><record xmlns="http://www.loc.gov/MARC21/slim" xmlns:doc="http://www.lyncode.com/xoai" xmlns:xsi="http://www.w3.org/2001/XMLSchema-instance" xmlns:dcterms="http://purl.org/dc/terms/" xsi:schemaLocation="http://www.loc.gov/MARC21/slim http://www.loc.gov/standards/marcxml/schema/MARC21slim.xsd">
<leader>00925njm 22002777a 4500</leader>
<datafield tag="042" ind1=" " ind2=" ">
<subfield code="a">dc</subfield>
</datafield>
<datafield tag="720" ind1=" " ind2=" ">
<subfield code="a">Nasibulin, Albert G.</subfield>
<subfield code="e">author</subfield>
</datafield>
<datafield tag="720" ind1=" " ind2=" ">
<subfield code="a">Kaskela, Antti</subfield>
<subfield code="e">author</subfield>
</datafield>
<datafield tag="720" ind1=" " ind2=" ">
<subfield code="a">Mustonen, Kimmo</subfield>
<subfield code="e">author</subfield>
</datafield>
<datafield tag="720" ind1=" " ind2=" ">
<subfield code="a">Anisimov, Anton S.</subfield>
<subfield code="e">author</subfield>
</datafield>
<datafield tag="720" ind1=" " ind2=" ">
<subfield code="a">Ruiz Fernández, Virginia</subfield>
<subfield code="e">author</subfield>
</datafield>
<datafield tag="720" ind1=" " ind2=" ">
<subfield code="a">Kivistö, Samuli</subfield>
<subfield code="e">author</subfield>
</datafield>
<datafield tag="720" ind1=" " ind2=" ">
<subfield code="a">Rackauskas, Simas</subfield>
<subfield code="e">author</subfield>
</datafield>
<datafield tag="720" ind1=" " ind2=" ">
<subfield code="a">Timmermans, Marina Y.</subfield>
<subfield code="e">author</subfield>
</datafield>
<datafield tag="720" ind1=" " ind2=" ">
<subfield code="a">Pudas, Marko</subfield>
<subfield code="e">author</subfield>
</datafield>
<datafield tag="720" ind1=" " ind2=" ">
<subfield code="a">Aitchison, Brad</subfield>
<subfield code="e">author</subfield>
</datafield>
<datafield tag="720" ind1=" " ind2=" ">
<subfield code="a">Kauppinen, Marko</subfield>
<subfield code="e">author</subfield>
</datafield>
<datafield tag="720" ind1=" " ind2=" ">
<subfield code="a">Brown, David P.</subfield>
<subfield code="e">author</subfield>
</datafield>
<datafield tag="720" ind1=" " ind2=" ">
<subfield code="a">Okhotnikov, Oleg G.</subfield>
<subfield code="e">author</subfield>
</datafield>
<datafield tag="720" ind1=" " ind2=" ">
<subfield code="a">Kauppinen, Esko I.</subfield>
<subfield code="e">author</subfield>
</datafield>
<datafield tag="260" ind1=" " ind2=" ">
<subfield code="c">2011-04</subfield>
</datafield>
<datafield tag="520" ind1=" " ind2=" ">
<subfield code="a">We report a simple and rapid method to prepare multifunctional free-standingsingle-walled carbon nanotube (SWCNT) ﬁlms with variable thicknesses ranging from a submono-layer to a few micrometers having outstanding properties for a broad range of exceptionallyperforming devices. We have fabricated state-of-the-art key components from the same singlecomponent multifunctional SWCNT material for several high-impact application areas: higheﬃciency nanoparticle ﬁlters with a ﬁgure of merit of 147 Pa-1, transparent and conductiveelectrodes with a sheet resistance of 84 Ω/0 and a transmittance of 90%, electrochemical sensorswith extremely low detection limits below 100 nM, and polymer-free saturable absorbers forultrafast femtosecond lasers. Furthermore, the ﬁlms are demonstrated as the main components ingas ﬂowmeters, gas heaters, and transparent thermoacoustic loudspeakers.</subfield>
</datafield>
<datafield tag="024" ind2=" " ind1="8">
<subfield code="a">1936-0851</subfield>
</datafield>
<datafield tag="024" ind2=" " ind1="8">
<subfield code="a">http://hdl.handle.net/10259/10301</subfield>
</datafield>
<datafield tag="024" ind2=" " ind1="8">
<subfield code="a">10.1021/nn200338r</subfield>
</datafield>
<datafield tag="024" ind2=" " ind1="8">
<subfield code="a">1936-086X</subfield>
</datafield>
<datafield ind1=" " ind2=" " tag="653">
<subfield code="a">Aerosol filter</subfield>
</datafield>
<datafield ind1=" " ind2=" " tag="653">
<subfield code="a">Transparent and conductive electrodes</subfield>
</datafield>
<datafield ind1=" " ind2=" " tag="653">
<subfield code="a">Electrochemical sensors</subfield>
</datafield>
<datafield ind1=" " ind2=" " tag="653">
<subfield code="a">Saturable absorbers</subfield>
</datafield>
<datafield ind1=" " ind2=" " tag="653">
<subfield code="a">Applications</subfield>
</datafield>
<datafield tag="245" ind1="0" ind2="0">
<subfield code="a">Multifunctional Free-Standing Single-Walled Carbon Nanotube Films</subfield>
</datafield>
</record></metadata></record></GetRecord></OAI-PMH>